000
nam a22 7a 4500
999
_c
53693
_d
53693
003
OSt
005
20220725145300.0
008
220725b xxu||||| |||| 00| 0 eng d
040
_c
IIMT UNIVERSITY
100
_a
CHAUDHARY,ANIL
245
_a
INTRODUCTORY BIOLOGY
260
_a
MEERUT
_b
AMAN PUB.
_c
2020
300
_a
192
942
_2
ddc
_c
09